000 00348nam a2200157Ia 4500
100 _aTaur/Yuan/ Ning/T.N
650 _aVLSI
942 _cBK
366 _f25
245 _aFundamentals of Modern VLSI Devices
260 _bCambridge University Press
_c1998
082 _a621.395
_bTAU
300 _a489
546 _aENGLISH
_cTTL
999 _c30122
_d30122